000 00674nam a2200277Ia 4500
005 20260324133512.0
008 008 260324s9999 xx 000 0 eng d
020 _a9780203784242
037 _aEBOOK
040 _aCRL
040 _beng
040 _cCRL
041 _2eng
041 _aeng
084 _qCRL
100 _aMiles Ogborn; Alison Blunt; Pyrs Gruffudd; David Pinder
_91193338
245 0 _aCULTURAL GEOGRAPHY IN PRACTICE
260 _bTaylor and Francis
260 _c2003
365 _a
365 _b210
856 _uhttp://www.taylorfrancis.com/books/9780203784242
942 _cEBOOK
999 _c1792430
_d1792430